| 000 | 00845nam a22002417a 4500 | ||
|---|---|---|---|
| 999 |
_c1261 _d1261 |
||
| 003 | AR-CdUCM | ||
| 008 | 190226b ||||| |||| 00| 0 spa d | ||
| 020 | _a8470201336 | ||
| 040 |
_aMUNICIPALIDAD PROVINCIAL DEL CUSCO _cBIBLIOTECA MUNICIPAL DEL CUSCO |
||
| 082 |
_a220 / _bAG259 |
||
| 100 |
_aS. J., Daniel Maria Agacino _94899 |
||
| 245 | _aLa Oración ¿Reajuste? ¿Renovación? / | ||
| 260 |
_aMadrid : _bSociedad de Educación Atenas, _c1973. |
||
| 300 |
_a202 paginas ; _c24 cm. |
||
| 505 | _aEl reto de la secularización -- Oración y fe -- La intimidad con Dios -- Exigencias y Problemas -- La oración de suplica... | ||
| 650 |
_aSecularismo _94900 |
||
| 650 |
_aHombre _9956 |
||
| 650 |
_aEspiritualidad _93669 |
||
| 650 |
_aAlabanza _94901 |
||
| 650 |
_aGlorificador _94902 |
||
| 942 |
_2ddc _cLIBROS |
||
| 945 |
_awnts _d2019-02-26 |
||